Zweierpotenzen von 1-20 in 30 Sekunden - Statistiken

Allgemein
  • Dieses Quiz wurde 432 mal gespielt
  • Das Durchschnittsergebnis liegt bei 11 aus 20
Antwortstatistiken
Zahl Ergebnis % Korrekt
2
100%
4
98%
8
96%
2⁴ 16
93%
2⁵ 32
91%
2⁶ 64
89%
2⁷ 128
86%
2⁸ 256
83%
2⁹ 512
79%
2¹⁰ 1024
77%
2¹¹ 2048
71%
2¹² 4096
60%
2¹³ 8192
44%
2¹⁴ 16384
28%
2¹⁵ 32768
14%
2¹⁶ 65536
9%
2¹⁷ 131072
7%
2¹⁸ 262144
5%
2¹⁹ 524288
3%
2²⁰ 1048576
1%
Keine übereinstimmenden Quizze gefunden
Verteilung der Resultate
Anzahl Personen mit jedem Resultat
Perzentil nach korrekt beantworteten Fragen
Ihre Resultats-Entwicklung
Sie haben dieses Quiz noch nicht gespielt